| 000 | 00659nam a2200205Ia 4500 | ||
|---|---|---|---|
| 001 | 14314 | ||
| 003 | GE_BSU | ||
| 008 | 181216s||||||||xx |||||||||||||| ||und|| | ||
| 040 | _cGE_BSU | ||
| 080 | _a821.353.1-2 | ||
| 100 | _aკაკაბაძე,პოლიკარპე | ||
| 245 | _aრჩეული თხზულებანი: პიესები | ||
| 245 | _cრედ.ილ.ხოშტარია | ||
| 260 | _aთბილისი | ||
| 260 | _bსახელგამი | ||
| 260 | _c1954 | ||
| 300 | _a360გვ.22სმ. | ||
| 653 | _aრჩეული თხზულებანი: პიესები | ||
| 942 | _cBK | ||
| 999 |
_c47450 _d47450 |
||